00787nam a22002057a 450000500170000001000150001702000260003203500140005803700090007208200160008110000260009724500760012326000660019927000600026530000380032570000350036394200300039899900190042895201340044720240521154141.0 aENG-140431 a9789390434398c750.00 aEN-123963 bDBAD a638.1095451 aKalita, Tarali966662 aSericulture:bwith Special Reference to Assam/cEdited by Tarali Kalita aAssambEBH Publishers, an imprint of Eastern Book Housec2022 a136, M.L. Nehru Road, Panbazar, GuwahatibAssame781001 axvi, 172 p.c23cm, (pb}bpictures aKalita, Tarali966297eEditors 2ddccENh638.1095451mKAL c203121d203121 001040708NFICaBNbBNd2024-05-21eDBADg750.00l0o638.1095451 KALpEN-123963r2024-05-21 00:00:00t1v750.00w2024-05-21yEN